书目信息 |
| 题名: |
供给侧改革
|
|
| 作者: | 滕泰 主编 | |
| 分册: | ||
| 出版信息: | 北京 东方出版社 2016.10 |
|
| 页数: | 183页 | |
| 开本: | 20cm | |
| 丛书名: | 万博新经济丛书 | |
| 单 册: | ||
| 中图分类: | F121 | |
| 科图分类: | ||
| 主题词: | 经济--中国 | |
| 电子资源: | ||
| ISBN: | 978-7-5060-9309-5 | |
| 000 | 00937nam0 2200241 450 | |
| 001 | 2332765665 | |
| 005 | 20231122090831.55 | |
| 010 | @a978-7-5060-9309-5@dCNY48.00 | |
| 100 | @a20231122d2016 km y0chiy0120 ea | |
| 101 | 0 | @achi |
| 102 | @aCN@b110000 | |
| 200 | 1 | @a供给侧改革@AGong Gei Ce Gai Ge@e下一步怎么办@f滕泰主编@FTeng Tai Zhu Bian |
| 210 | @a北京@c东方出版社@d2016.10 | |
| 215 | @a183页@d20cm | |
| 225 | 2 | @a万博新经济丛书 |
| 330 | @a从中央提出供给侧结构性改革已经近一年, 为了应对国内外经济的复杂局势, “供给侧结构性改革 ” 已经从“高频热词 ” 的概念转化为地方政府、企业的具体改革步骤。 但是, “三去一补一降 ” 与新供给、新动能的关系, 以及供给侧结构性改革战略思想如何全面理解等方面。 | |
| 410 | 0 | @12001 @a万博新经济丛书 |
| 517 | 1 | @a下一步怎么办@AXia Yi Bu Zen Mo Ban |
| 606 | 0 | @a经济@x中国 |
| 690 | @aF121@v4 | |
| 701 | 0 | @a滕泰@ATeng Tai@4主编 |
| 801 | 0 | @aCN@b河南城建学院图书馆@c20231122 |
| 905 | @dF121@eT420 | |
| 供给侧改革:下一步怎么办/滕泰主编.-北京:东方出版社,2016.10 |
| 183页;20cm.-(万博新经济丛书) |
| ISBN 978-7-5060-9309-5:CNY48.00 |
| 从中央提出供给侧结构性改革已经近一年, 为了应对国内外经济的复杂局势, “供给侧结构性改革 ” 已经从“高频热词 ” 的概念转化为地方政府、企业的具体改革步骤。 但是, “三去一补一降 ” 与新供给、新动能的关系, 以及供给侧结构性改革战略思想如何全面理解等方面。 |
| ● |
| 相关链接 |
|
|
|
正题名:供给侧改革
索取号:F121/T420
 
预约/预借
| 序号 | 登录号 | 条形码 | 馆藏地/架位号 | 状态 | 备注 |
| 1 | 1548257 | 215482573 | 教务处资料室/ [索取号:F121/T420] | 在馆 | |
| 2 | 1548258 | 215482582 | 教务处资料室/ [索取号:F121/T420] | 在馆 | |
| 3 | 1548259 | 215482591 | 教务处资料室/ [索取号:F121/T420] | 在馆 | |
| 4 | 1548260 | 215482608 | 教务处资料室/ [索取号:F121/T420] | 在馆 | |
| 5 | 1548261 | 215482617 | 教务处资料室/ [索取号:F121/T420] | 在馆 |